00573nam a22001817a 450000500170000001000150001702000260003203500130005803700130007108200150008424501010009926000310020027000780023130000250030950000190033470000220035370000160037520150427124340.0 aENG-112302 a9781138796065c750.00 aEN-95834 bDBAD/PUB a355.020954 aArmed conflicts in South Asia 2013 :btransitions /cedited by D. Suba Chandran [and] P.R. Chari aNew DelhibRoutledgec2014 a912,Tolstoy House, 15-17 Tolstoy Marg, Connaught PlacebNew Delhie110001 axii,250p. c22cm(hb) aIncludes index aSuba Chandran, D. aChari, P.R.